| 000 | 00000nam 2200000zi 4500 |
| 001 | 9.921319 |
| 003 | CaOODSP |
| 005 | 20230829084043 |
| 006 | m o d f |
| 007 | cr mn||||||||| |
| 008 | 230327t20232023onca o f000 0 eng d |
| 020 | |a9780660482019 |
| 040 | |aCaOODSP|beng|erda|cCaOODSP |
| 043 | |an-cn--- |
| 045 | |ay2y2 |
| 086 | 1 |aPS4-300/2023E-PDF |
| 245 | 00|aBuyback program awareness campaign : |bfinal report / |cprepared for Public Safety Canada. |
| 264 | 1|a[Ottawa] : |bPublic Safety Canada = Sécurité publique Canada, |c2023. |
| 264 | 4|c©2023 |
| 300 | |a1 online resource (vi, 78 pages) : |bcolour illustrations + |eexecutive summary (6 pages) |
| 336 | |atext|btxt|2rdacontent |
| 337 | |acomputer|bc|2rdamedia |
| 338 | |aonline resource|bcr|2rdacarrier |
| 500 | |aIssued also in French under title: Campagne de sensibilisation au programme de rachat : rapport final. |
| 500 | |a"Supplier name: Environics Research." |
| 500 | |a"Contract number: 0D160-232363." |
| 500 | |a"Registration number: POR 037-22." |
| 500 | |a"May 2023"--Verso of cover. |
| 650 | 0|aGun control|zCanada|xPublic opinion. |
| 650 | 0|aFirearms|xLaw and legislation|zCanada|xPublic opinion. |
| 650 | 0|aGovernment advertising|zCanada|xPublic opinion. |
| 650 | 0|aAdvertising campaigns|zCanada|xPublic opinion. |
| 650 | 0|aPublic opinion|zCanada. |
| 650 | 0|aFirearms owners|zCanada|xAttitudes. |
| 710 | 1 |aCanada. |bPublic Safety Canada, |eissuing body. |
| 710 | 2 |aEnvironics Research Group, |econsultant. |
| 775 | 08|tCampagne de sensibilisation au programme de rachat : |w(CaOODSP)9.921320 |
| 856 | 40|qPDF|s2.42 MB|uhttps://publications.gc.ca/collections/collection_2023/sp-ps/PS4-300-2023-eng.pdf|z(final report) |
| 856 | 40|qPDF|s309 KB|uhttps://publications.gc.ca/collections/collection_2023/sp-ps/PS4-300-2023-1-eng.pdf|z(executive summary) |
| 856 | 4 |qHTML|sN/A|uhttps://epe.bac-lac.gc.ca/100/200/301/pwgsc-tpsgc/por-ef/public_safety_canada/2023/037-22-e/report.htm|z(final report) |
| 856 | 4 |qHTML|sN/A|uhttps://epe.bac-lac.gc.ca/100/200/301/pwgsc-tpsgc/por-ef/public_safety_canada/2023/037-22-e/summary/summary.htm|z(executive summary) |